| 000 | 00485nam a22001817a 4500 | ||
|---|---|---|---|
| 005 | 20140605171651.0 | ||
| 010 | _aENG-109909 | ||
| 020 |
_a9788121618809 _c225.00 |
||
| 035 | _aEN-93442 | ||
| 037 | _bDBAD/PUB | ||
| 082 | _a943.086092 | ||
| 100 | _aHitler, Adolf | ||
| 245 | 0 | 0 |
_aMein kampf / _cby Adolf Hitler |
| 260 |
_aNoida _bMain Street _c2013 |
||
| 270 |
_aE-14,Sector-11 _bNoida _e110003 |
||
| 300 |
_a598p. _c22cm(pbk) |
||
| 942 |
_2ddc _cEN _mHIT _h943.086092 |
||
| 999 |
_c83933 _d83933 |
||